[Event "Titled Tue 17th Jun Early"]
[Site "chess.com INT"]
[Date "2025.06.17"]
[Round "8"]
[White "Sychev, Klementy"]
[Black "Sapocinic, Semion"]
[Result "0-1"]
[WhiteTitle "GM"]
[BlackTitle "FM"]
[WhiteElo "2513"]
[BlackElo "2296"]
[WhiteFideId "4114060"]
[BlackFideId "13908693"]
[EventDate "2025.06.17"]

1. e4 e5 2. Nf3 Nf6 3. d4 Nxe4 4. Bd3 d5 5. Nxe5 Nd7 6. O-O Nxe5 7. dxe5 Nc5 8.
Be3 Nxd3 9. Qxd3 Be7 10. Nc3 c6 11. f4 g6 12. Ne2 Bf5 13. Qc3 O-O 14. h3 Qd7 15.
g4 Bxg4 16. e6 Bxe6 17. f5 Bxf5 18. Bh6 d4 19. Qf3 Bxh3 20. Bxf8 Rxf8 21. Rf2
Bg4 22. Qg3 Bc5 23. Qe5 d3 24. Qxc5 dxe2 25. Re1 Qd2 26. Qc3 Qxc3 27. bxc3 Rd8
28. Rf4 f5 29. Rd4 Rxd4 30. cxd4 Kf7 31. c4 Ke6 32. Kf2 Kd6 33. Rb1 b6 34. Rb3
h5 35. Ra3 a5 36. Rb3 Kc7 37. Re3 Kd7 38. Rb3 Kc7 39. Re3 h4 40. Re6 Bh5 41. d5
cxd5 42. cxd5 h3 43. Kg3 Bg4 44. Kh2 g5 45. a3 b5 46. Kg1 b4 47. axb4 axb4 48.
Kf2 b3 49. Re7+ Kd6 50. Rb7 h2 51. Rh7 b2 52. Rh6+ Kxd5 0-1

[Event "Titled Tue 17th Jun Early"]
[Site "chess.com INT"]
[Date "2025.06.17"]
[Round "8"]
[White "Sahbudak, Baris Cinar"]
[Black "Piesik, Piotr"]
[Result "0-1"]
[WhiteTitle "CM"]
[BlackTitle "IM"]
[WhiteElo "2072"]
[BlackElo "2436"]
[WhiteFideId "26351633"]
[BlackFideId "1136194"]
[EventDate "2025.06.17"]

1. e4 d6 2. d4 Nf6 3. Nc3 e5 4. dxe5 dxe5 5. Qxd8+ Kxd8 6. Bg5 Be6 7. Nf3 Nd7 8.
O-O-O Bd6 9. Bb5 Kc8 10. Bxd7+ Nxd7 11. a3 f6 12. Be3 Rd8 13. Rd2 Be7 14. Rhd1
c6 15. h3 Kc7 16. Ne1 Nb6 17. Rxd8 Rxd8 18. Rxd8 Kxd8 19. Nd3 Nd7 20. f4 exf4
21. Bxf4 Bf7 22. Kd2 Bg6 23. Ke3 Nb6 24. Kd4 Kd7 25. e5 Ke6 26. Ne4 Bxe4 27.
Kxe4 f5+ 28. Kd4 g5 29. Bd2 Nd7 30. b4 b6 31. c4 h6 32. c5 Nxe5 33. Nxe5 Bf6 34.
cxb6 Bxe5+ 35. Kc4 axb6 36. Be3 b5+ 37. Kc5 Kd7 38. Kb6 Bb2 39. Bd2 Bxa3 40. Kc5
Bb2 41. h4 Bf6 42. hxg5 hxg5 43. g3 Be7+ 44. Kd4 Ke6 45. Be1 Bd6 46. Bd2 Kf6 47.
Be1 Kg6 48. Kd3 Kh5 49. Kd4 Kg4 50. Bd2 Bxg3 51. Kc5 f4 52. Kxc6 f3 53. Be3 f2
54. Bxf2 Bxf2 55. Kxb5 Kf3 56. Kc6 g4 57. b5 g3 58. b6 Bxb6 59. Kxb6 g2 60. Kb7 0-1

[Event "Titled Tue 17th Jun Early"]
[Site "chess.com INT"]
[Date "2025.06.17"]
[Round "8"]
[White "Dwilewicz, Katarzyna"]
[Black "Anakok, Deniz"]
[Result "0-1"]
[WhiteTitle "WFM"]
[BlackTitle "CM"]
[WhiteElo "2198"]
[BlackElo "2058"]
[WhiteFideId "1148486"]
[BlackFideId "51603586"]
[EventDate "2025.06.17"]

1. e4 c5 2. Nc3 Nc6 3. Bb5 Nd4 4. Bc4 e6 5. Nge2 a6 6. a4 Ne7 7. O-O Nec6 8. d3
g6 9. Nxd4 Nxd4 10. Ne2 Nxe2+ 11. Qxe2 Bg7 12. c3 O-O 13. e5 d5 14. Ba2 b6 15.
f4 Bb7 16. Bd2 d4 17. c4 Qd7 18. b4 Qxa4 19. Rfb1 Qd7 20. Bb3 Rfb8 21. Ba4 Bc6
22. Bxc6 Qxc6 23. bxc5 bxc5 24. Qd1 Bf8 25. Kf2 Be7 26. Rxb8+ Rxb8 27. Qa4 Qxa4
28. Rxa4 Rb6 29. Ra5 Kf8 30. Bc1 Ke8 31. Ba3 Rc6 32. g4 Kd7 33. Kf3 h5 34. h3
Kc7 35. Bc1 Rb6 36. Ra1 Rb3 37. Ke4 Kb6 38. Bd2 Rb2 39. Ba5+ Kb7 40. Kf3 Bh4 41.
Be1 Bxe1 42. Rxe1 Rd2 43. Ke4 a5 44. Rb1+ Ka6 45. Ra1 Re2+ 46. Kf3 Re3+ 47. Kf2
Rxh3 48. gxh5 gxh5 49. Rg1 Rxd3 50. Rg7 h4 51. Rxf7 a4 52. Rf6 a3 53. Rxe6+ Ka5
54. Re8 Kb4 55. e6 a2 56. Ra8 Ra3 57. Rxa3 Kxa3 58. e7 a1=Q 59. e8=Q Qb2+ 60.
Kf3 Qc3+ 61. Kg4 Qg3+ 62. Kf5 Qd3+ 63. Kg5 h3 64. Qh5 Kb3 65. f5 Qe3+ 66. Kg6
Qg3+ 67. Kf7 h2 68. f6 Qg2 69. Ke8 h1=Q 70. Qxh1 Qxh1 71. f7 0-1

[Event "Titled Tue 17th Jun Early"]
[Site "chess.com INT"]
[Date "2025.06.17"]
[Round "8"]
[White "Begunov, Konstantin"]
[Black "Mateus, Martha"]
[Result "0-1"]
[WhiteTitle "FM"]
[BlackTitle "WIM"]
[WhiteElo "2325"]
[BlackElo "1972"]
[WhiteFideId "4118510"]
[BlackFideId "4401549"]
[EventDate "2025.06.17"]

1. d4 Nf6 2. c4 e6 3. Nf3 d5 4. Nc3 Bb4 5. cxd5 exd5 6. Bg5 h6 7. Bh4 Nbd7 8. e3
g5 9. Bg3 Ne4 10. a3 Bxc3+ 11. bxc3 h5 12. h4 Nxg3 13. fxg3 g4 14. Nd2 Qe7 15.
Kf2 Rh6 16. Qe1 Rf6+ 17. Kg1 Re6 18. e4 Nb6 19. e5 f6 20. Bd3 fxe5 21. Bf5 Rf6
22. Bxc8 Rxc8 23. dxe5 Re6 24. Kh2 Rxe5 25. Qf2 Kd7 26. Rhe1 Re8 27. Rxe5 Qxe5
28. Qc5 Kc8 29. Nb3 a6 30. Nd4 Nd7 31. Qa5 Nf6 32. Rb1 Ne4 33. Ne2 Nd2 34. Re1
Nc4 35. Qb4 Qe3 36. Rb1 Qxe2 37. Qxb7+ Kd7 38. Qxd5+ Nd6 39. Qf5+ Nxf5 40. Rb4
Qe5 41. Rf4 Ne3 42. Rd4+ Qxd4 43. cxd4 c5 44. dxc5 Kc6 45. a4 Rf8 46. a5 Kxc5
47. Kg1 Kd4 48. Kh2 Kd3 49. Kg1 Ke2 50. Kh2 Nf1+ 51. Kg1 Nxg3 52. Kh2 Ne4 53.
Kg1 g3 54. Kh1 Rf1# 0-1

[Event "Titled Tue 17th Jun Early"]
[Site "chess.com INT"]
[Date "2025.06.17"]
[Round "8"]
[White "Arya G Mallar"]
[Black "Sarkar, Justin"]
[Result "1-0"]
[WhiteTitle "WCM"]
[BlackTitle "IM"]
[WhiteElo "2000"]
[BlackElo "2284"]
[WhiteFideId "25115324"]
[BlackFideId "2010011"]
[EventDate "2025.06.17"]

1. c4 e5 2. Nc3 Nf6 3. g3 d5 4. cxd5 Nxd5 5. Bg2 Be6 6. Nf3 Nc6 7. d4 exd4 8.
Nb5 Bb4+ 9. Bd2 Bc5 10. Qa4 O-O 11. Nbxd4 Nb6 12. Nxe6 Nxa4 13. Nxd8 Raxd8 14.
b3 Nb6 15. O-O Nd4 16. Nxd4 Bxd4 17. Rad1 c6 18. Bg5 f6 19. Bf4 Be5 20. Bc1 Kf7
21. Ba3 Rfe8 22. Bf3 Bc7 23. Bh5+ g6 24. Bf3 Rxd1 25. Rxd1 Rd8 26. Rxd8 Bxd8 27.
Bc5 Be7 28. Bd4 Ke6 29. a4 f5 30. a5 Nc8 31. Be3 a6 32. Bd2 Nd6 33. Kf1 Nb5 34.
e3 Bf6 35. Be2 Bc3 36. Bc4+ Ke7 37. Ke2 Bxd2 38. Kxd2 Nd6 39. Bg8 h6 40. Bc4 g5
41. Kc3 Ne4+ 42. Kd4 Nxf2 43. Ke5 Ng4+ 44. Kxf5 Nxe3+ 45. Kg6 Nxc4 46. bxc4 Kd6
47. Kxh6 1-0

[Event "Titled Tue 17th Jun Early"]
[Site "chess.com INT"]
[Date "2025.06.17"]
[Round "8"]
[White "Villa Tornero, Alex"]
[Black "Alonso Rosell, Alvar"]
[Result "0-1"]
[WhiteTitle "FM"]
[BlackTitle "GM"]
[WhiteElo "2211"]
[BlackElo "2536"]
[WhiteFideId "54501091"]
[BlackFideId "2270544"]
[EventDate "2025.06.17"]

1. e4 c6 2. Nf3 d5 3. exd5 cxd5 4. Ne5 Nc6 5. d4 a6 6. c3 Nxe5 7. dxe5 Bf5 8.
Na3 e6 9. Qa4+ Ke7 10. Qb4+ Ke8 11. Qa4+ Ke7 12. Qb4+ Ke8 13. Qxb7 Bxa3 14. bxa3
Ne7 15. a4 f6 16. exf6 gxf6 17. Ba3 Kf7 18. Bxa6 Rg8 19. Bb5 Rb8 20. Qxe7+ Qxe7
21. Bxe7 Kxe7 22. g3 Rgc8 23. Kd2 e5 24. f4 d4 25. Rac1 d3 26. fxe5 fxe5 27.
Rce1 e4 28. Rhf1 Bg6 29. Re3 Rc5 30. Rf4 Rh5 31. h4 Re5 32. g4 h5 33. gxh5 Bh7
34. Rg3 Rg8 35. Rxg8 e3+ 36. Ke1 d2+ 37. Ke2 Bxg8 38. Bd3 Bf7 39. Bg6 Be6 40.
Re4 Rxe4 41. Bxe4 Bg4+ 42. Kxe3 d1=Q 43. Kf4 Bxh5 44. a5 Qd2+ 45. Ke5 Qxc3+ 46.
Kf4 Qxa5 47. Bf5 Qxa2 48. Kg5 Bf7 49. h5 Qd2+ 50. Kh4 Kf6 51. Bg4 Qg5+ 52. Kh3
Bxh5 0-1

[Event "Titled Tue 17th Jun Early"]
[Site "chess.com INT"]
[Date "2025.06.17"]
[Round "8"]
[White "Barseghyan, Armen Ar."]
[Black "Buscar, Michael"]
[Result "1-0"]
[WhiteTitle "IM"]
[WhiteElo "2348"]
[BlackElo "2016"]
[WhiteFideId "13306707"]
[BlackFideId "2603616"]
[EventDate "2025.06.17"]

1. Nf3 Nf6 2. d4 g6 3. c4 Bg7 4. Nc3 O-O 5. e4 d6 6. Be2 e5 7. O-O Nc6 8. dxe5
dxe5 9. Bg5 Bg4 10. Qxd8 Raxd8 11. Bxf6 Bxf6 12. Nd5 Bg7 13. Nxc7 Bxf3 14. Bxf3
Rd2 15. b3 Nd4 16. Rfd1 Bh6 17. Rxd2 Bxd2 18. Rd1 Ba5 19. Nd5 Kg7 20. b4 Bd8 21.
c5 Bg5 22. a4 Rc8 23. Bg4 f5 24. exf5 gxf5 25. Bh3 a5 26. f4 Ne2+ 27. Kf2 Nxf4
28. Nxf4 Bxf4 29. Bxf5 Rc7 30. g3 Bg5 31. bxa5 Kf6 32. Rd7 Rxc5 33. Bxh7 Rxa5
34. h4 Bc1 35. Bc2 Ra7 36. Kf3 Bb2 37. g4 Bd4 38. Bb3 Kg6 39. Ke4 Bf2 40. Bf7+
Kf6 41. g5+ Kg7 42. Kf5 Bxh4 43. Be6+ Kf8 44. Kf6 Ke8 45. Rh7 Bxg5+ 46. Kxg5 1-0

[Event "Titled Tue 17th Jun Early"]
[Site "chess.com INT"]
[Date "2025.06.17"]
[Round "8"]
[White "Thipsay, Bagyashree Sathe"]
[Black "Lopez Abreu, Michel Samuel"]
[Result "1-0"]
[WhiteTitle "WIM"]
[BlackTitle "FM"]
[WhiteElo "2075"]
[BlackElo "2038"]
[WhiteFideId "5001013"]
[BlackFideId "3927903"]
[EventDate "2025.06.17"]

1. e4 e6 2. d4 d5 3. e5 c5 4. c3 Nc6 5. Nf3 Nge7 6. Na3 cxd4 7. cxd4 g6 8. Nc2
Nf5 9. Bd3 Bg7 10. h4 h5 11. g3 a6 12. O-O Qb6 13. Rb1 Bd7 14. Be3 Na5 15. Na3
Rc8 16. b3 Nh6 17. Kg2 Ng4 18. Bd2 Nc6 19. Nc2 O-O 20. a4 Ne7 21. Ne3 Nxe3+ 22.
fxe3 Nf5 23. Qe2 Qa7 24. Rbc1 Rxc1 25. Rxc1 Rc8 26. Rxc8+ Bxc8 27. Bb4 Bd7 28.
Bc5 b6 29. Ba3 a5 30. e4 dxe4 31. Bxe4 Qc7 32. Qd3 Nh6 33. Bd6 Qc8 34. d5 exd5
35. Bxd5 Be6 36. Be4 Ng4 37. Ng5 Bh6 38. Nxe6 Qxe6 39. Bd5 Qe8 40. Qxg6+ Kh8 41.
Bxf7 Qc6+ 42. Kg1 Qc1+ 43. Kg2 Qd2+ 44. Kf3 Qf2+ 45. Ke4 Qe3+ 46. Kd5 Qd2+ 47.
Ke6 Qd4 48. Qg8# 1-0

[Event "Titled Tue 17th Jun Early"]
[Site "chess.com INT"]
[Date "2025.06.17"]
[Round "8"]
[White "Lazaro Azcutia, Miguel"]
[Black "Chen, Yidong"]
[Result "0-1"]
[WhiteTitle "CM"]
[WhiteElo "2275"]
[BlackElo "2074"]
[WhiteFideId "54538254"]
[BlackFideId "8607028"]
[EventDate "2025.06.17"]

1. e4 c5 2. Nf3 d6 3. d4 cxd4 4. Nxd4 Nf6 5. Nc3 a6 6. Be2 e5 7. Nb3 Be7 8. O-O
O-O 9. Be3 Be6 10. Qd3 Nbd7 11. Nd5 Bxd5 12. exd5 b5 13. a4 b4 14. a5 Qc7 15.
Qd2 Qb7 16. Rfd1 Rfc8 17. Ra4 Rab8 18. Bb6 Nxb6 19. axb6 Qxb6 20. Rxa6 Qc7 21.
Rc6 Qd8 22. Ba6 Rc7 23. Na5 Ra7 24. Nb3 Qd7 25. Be2 h6 26. Rc4 Qb7 27. Rc6 Ra2
28. Rb1 Qa7 29. Qd3 e4 30. Qd2 Nd7 31. Rc4 e3 32. Qxe3 Qxe3 33. fxe3 Ne5 34. Re4
Bg5 35. h4 Bd8 36. g3 f5 37. Rf4 g6 38. Rff1 Bb6 39. Kf2 Rc8 40. Rfc1 Ra7 41.
Nd4 Re7 42. Ne6 Kf7 43. c4 Ra7 44. Ra1 Rca8 45. Rxa7+ Rxa7 46. Rb1 Ra8 47. Nd4
Rc8 48. Nb5 Ke7 49. b3 Ra8 50. Rb2 Ra1 51. Nd4 Bc5 0-1

[Event "Titled Tue 17th Jun Early"]
[Site "chess.com INT"]
[Date "2025.06.17"]
[Round "8"]
[White "Popov, Tikhon"]
[Black "Shevchenko, Yaroslav"]
[Result "0-1"]
[WhiteTitle "CM"]
[WhiteElo "2173"]
[BlackElo "2179"]
[WhiteFideId "24252026"]
[BlackFideId "34144684"]
[EventDate "2025.06.17"]

1. g4 d5 2. g5 h6 3. d4 c5 4. dxc5 Nc6 5. Bg2 e6 6. e4 d4 7. h4 Bxc5 8. Ne2 hxg5
9. hxg5 Rxh1+ 10. Bxh1 Nge7 11. Nf4 e5 12. Nd3 Be6 13. Qh5 Ng6 14. Qh7 Bf8 15.
Bf3 Qb6 16. Bh5 Nge7 17. f4 exf4 18. Bxf4 O-O-O 19. Nd2 Nb4 20. Kd1 Nec6 21. Be2
Nxd3 22. Bxd3 Qxb2 23. Rb1 Qxa2 24. Qh2 Bb4 25. Rc1 Qa3 26. Qg3 Rh8 27. Nf1 Rh1
28. e5 g6 29. Ke2 Rh3 30. Qg2 Ne7 31. Nd2 Nd5 32. Nc4 Nxf4+ 33. Kf2 Bxc4 34.
Qg4+ Be6 35. Qxf4 Qc3 36. Rd1 Bd5 37. Qg4+ Be6 38. Qf4 Qc6 39. Be4 Qc5 40. Kg2
a5 41. Qf6 Re3 42. Bd3 Qd5+ 43. Kf2 a4 44. Rb1 Qc5 45. Qh8+ Kc7 46. Qa8 Qxe5 0-1

[Event "Titled Tue 17th Jun Early"]
[Site "chess.com INT"]
[Date "2025.06.17"]
[Round "8"]
[White "Niemann, Hans Moke"]
[Black "Sanal, Vahap"]
[Result "1-0"]
[WhiteTitle "GM"]
[BlackTitle "GM"]
[WhiteElo "2736"]
[BlackElo "2564"]
[WhiteFideId "2093596"]
[BlackFideId "6300545"]
[EventDate "2025.06.17"]

1. e4 e5 2. Nf3 Nc6 3. Bc4 Bc5 4. d3 Nf6 5. O-O O-O 6. Re1 d6 7. c3 a6 8. Nbd2
h6 9. Nf1 Re8 10. Ng3 Ba7 11. h3 Be6 12. Bxe6 Rxe6 13. b4 Ne7 14. d4 Ng6 15. Be3
Re8 16. Qc2 Qd7 17. Rad1 Qc6 18. d5 Qd7 19. c4 a5 20. a3 axb4 21. axb4 Bxe3 22.
fxe3 Ra4 23. Rb1 Rea8 24. Rb2 Ne7 25. Kh2 g6 26. Rf1 Kg7 27. Nd2 Neg8 28. c5 Qb5
29. Qc4 Qxc4 30. Nxc4 dxc5 31. Rfb1 Nd7 32. Ne2 b5 33. Nd2 Rxb4 34. Rxb4 cxb4
35. Nc1 Ra4 36. Nd3 Ra3 37. Nxb4 Rxe3 38. Rc1 Re2 39. Rxc7 Ndf6 40. Nf3 Rxe4 41.
Nc6 Nxd5 42. Rb7 b4 43. Nfxe5 Nge7 44. Nxe7 Nxe7 45. Rb5 Nf5 46. Nd3 Re3 47.
Nxb4 Rb3 48. Rb6 Ne3 49. Nd5 Rxb6 50. Nxb6 Kf6 51. Kg3 Ke5 52. Kf3 Kd4 53. Nd7
Nc4 54. Nf6 h5 55. Kf4 Ne3 56. g4 hxg4 57. hxg4 Nd5+ 58. Kg5 Nc7 59. Nd7 1-0

[Event "Titled Tue 17th Jun Early"]
[Site "chess.com INT"]
[Date "2025.06.17"]
[Round "8"]
[White "Stribuk, Artiom"]
[Black "Terry, Renato"]
[Result "1-0"]
[WhiteTitle "IM"]
[BlackTitle "IM"]
[WhiteElo "2460"]
[BlackElo "2508"]
[WhiteFideId "13515659"]
[BlackFideId "3803457"]
[EventDate "2025.06.17"]

1. c4 e5 2. g3 Nc6 3. Bg2 g6 4. Nc3 Bg7 5. e3 d6 6. Nge2 h5 7. h3 f5 8. h4 Nh6
9. d4 O-O 10. Nd5 Ne7 11. Bd2 c6 12. Nxe7+ Qxe7 13. Bc3 Ng4 14. Qd2 Kh7 15. f3
Nf6 16. O-O-O Re8 17. Rhe1 b5 18. dxe5 dxe5 19. Qd6 bxc4 20. Qxe7 Rxe7 21. Rd6
Bb7 22. f4 Ne8 23. Rdd1 e4 24. Bxg7 Kxg7 25. Rd4 Ba6 26. Nc3 Nc7 27. Rd6 Bb5 28.
Red1 Ne8 29. Rd7 Kf7 30. a4 Ba6 31. Bf1 Rb8 32. Be2 Rb4 33. Rd8 Ng7 34. R1d6 Ne6
35. Rh8 Kg7 36. Ra8 Rb6 37. a5 Rb4 38. Rxc6 Bb7 39. Rxa7 Kf7 40. Rb6 Rxb6 41.
axb6 Nc5 42. Bxc4+ Kf8 43. Bd5 Bxd5 44. Nxd5 Re8 45. b4 Nd3+ 46. Kc2 Rb8 47. Rh7
Rc8+ 48. Rc7 Rb8 49. b7 Ke8 50. Rc8+ 1-0

[Event "Titled Tue 17th Jun Early"]
[Site "chess.com INT"]
[Date "2025.06.17"]
[Round "8"]
[White "Bukreev, Stanislav"]
[Black "Smirnov, Mark"]
[Result "0-1"]
[WhiteTitle "FM"]
[BlackTitle "FM"]
[WhiteElo "2305"]
[BlackElo "2352"]
[WhiteFideId "34252347"]
[BlackFideId "13764594"]
[EventDate "2025.06.17"]

1. d4 Nf6 2. c4 e6 3. Nf3 d5 4. Nc3 Bb4 5. Qb3 c5 6. dxc5 Qa5 7. Bd2 dxc4 8.
Qxc4 Qxc5 9. Qxc5 Bxc5 10. Rc1 Bd7 11. Nb5 Bxb5 12. Rxc5 Bc6 13. Ne5 Nbd7 14.
Nxd7 Kxd7 15. f3 Rac8 16. e4 Rhd8 17. Be2 Ke8 18. Be3 b6 19. Rc3 Bb7 20. Rxc8
Rxc8 21. Bd3 Nd7 22. Bd4 e5 23. Be3 Nc5 24. Bb5+ Ke7 25. Kf2 Ne6 26. Rc1 Rxc1
27. Bxc1 Kd6 28. b4 Bc6 29. Bc4 b5 30. Bb3 f6 31. Be3 a6 32. g3 Nd8 33. Bg8 h5
34. Bc5+ Kd7 35. Bf8 Ne6 36. Bc5 Nxc5 37. bxc5 g5 38. h4 Ke7 39. Ke3 a5 40. Bd5
Be8 41. Kd3 Bg6 42. Kc3 Be8 43. a3 Bg6 44. Bg8 g4 45. fxg4 hxg4 46. Bd5 f5 0-1

[Event "Titled Tue 17th Jun Early"]
[Site "chess.com INT"]
[Date "2025.06.17"]
[Round "8"]
[White "Howell, David W L"]
[Black "Mora Munoz, Alejandro"]
[Result "1-0"]
[WhiteTitle "GM"]
[BlackTitle "FM"]
[WhiteElo "2668"]
[BlackElo "2147"]
[WhiteFideId "410608"]
[BlackFideId "4469844"]
[EventDate "2025.06.17"]

1. c3 Nf6 2. d4 d5 3. Bg5 Bf5 4. Bxf6 exf6 5. Qb3 b6 6. Nd2 Be7 7. g3 O-O 8. Bg2
c6 9. e3 Bd3 10. c4 dxc4 11. Nxc4 Bg6 12. Ne2 Qd7 13. Nf4 Na6 14. Nxg6 hxg6 15.
O-O Rac8 16. Rfd1 Nb4 17. Rac1 Rfd8 18. a3 Nd5 19. Nd2 Bf8 20. Ne4 Qe6 21. h4
Ne7 22. Qa4 Qd7 23. Kh2 Rc7 24. b4 Qc8 25. Rd2 Nd5 26. Rdc2 b5 27. Qb3 Nb6 28.
Nd2 Rd6 29. Bf3 Qd7 30. Kg2 Nc8 31. Ne4 Re6 32. Nc3 a6 33. Nd5 Ra7 34. Nf4 Ne7
35. Nxe6 fxe6 36. Bxc6 Qd6 37. Bf3 Kh7 38. Rc5 Rd7 39. Qc2 Nf5 40. Rc6 Qe7 41.
Rxa6 Nd6 42. h5 f5 43. hxg6+ Kxg6 44. Rh1 Kf6 45. Qc5 Nc4 46. Qxb5 Nd2 47. Qe5+
Kf7 48. Bh5+ g6 49. Be2 Bg7 50. Rh7 Qf8 51. Qxe6# 1-0

[Event "Titled Tue 17th Jun Early"]
[Site "chess.com INT"]
[Date "2025.06.17"]
[Round "8"]
[White "Mamedyarov, Shakhriyar"]
[Black "Atanasov, Anthony"]
[Result "1-0"]
[WhiteTitle "GM"]
[BlackTitle "IM"]
[WhiteElo "2746"]
[BlackElo "2417"]
[WhiteFideId "13401319"]
[BlackFideId "2623897"]
[EventDate "2025.06.17"]

1. c4 e6 2. Nc3 d5 3. d4 Nf6 4. cxd5 exd5 5. Bg5 Be7 6. e3 h6 7. Bf4 Bf5 8. Nge2
O-O 9. Ng3 Be6 10. Bd3 c5 11. dxc5 Bxc5 12. O-O Nc6 13. Nh5 Be7 14. Nb5 Ne8 15.
Rc1 a6 16. Nc3 Nf6 17. Bb1 Nxh5 18. Qxh5 Bf6 19. Rfd1 Bxc3 20. Rxc3 Qf6 21. Bg3
Rfd8 22. h3 d4 23. exd4 Nxd4 24. Kh2 Qg5 25. Qxg5 hxg5 26. Be4 Nc6 27. Rxd8+
Rxd8 28. a3 Rd2 29. b4 Bd5 30. Bd3 g6 31. b5 axb5 32. Bxb5 f5 33. f3 Nd4 34. Be1
Rd1 35. Rd3 Rxe1 36. Rxd4 Bc6 37. Bxc6 bxc6 38. Rd6 Kf7 39. Rxc6 Ra1 40. Ra6 f4
41. Ra8 Kg7 42. a4 Kh7 43. a5 Kg7 44. a6 Kh7 45. h4 gxh4 46. Kh3 g5 47. Kg4 Ra5
48. Kh5 Kg7 49. Ra7+ Kg8 50. Kg6 Kf8 51. Rf7+ Ke8 52. a7 Ra6+ 53. Kg7 g4 54.
fxg4 Ra2 55. Rf8+ Ke7 56. a8=Q 1-0

[Event "Titled Tue 17th Jun Early"]
[Site "chess.com INT"]
[Date "2025.06.17"]
[Round "8"]
[White "Venkatesh, Narayan"]
[Black "Rom, Jasper"]
[Result "1-0"]
[WhiteTitle "FM"]
[WhiteElo "2168"]
[BlackElo "2163"]
[WhiteFideId "30987881"]
[BlackFideId "2023733"]
[EventDate "2025.06.17"]

1. Nf3 d5 2. e3 e6 3. c4 c6 4. b3 Nf6 5. Bb2 Nbd7 6. Be2 Bd6 7. O-O e5 8. d3 O-O
9. Nbd2 Qe7 10. cxd5 cxd5 11. e4 d4 12. a3 b5 13. a4 Ba6 14. axb5 Bxb5 15. Nc4
Bxc4 16. bxc4 Rfb8 17. Bc1 h6 18. Ne1 Nc5 19. Ra2 Rb1 20. Qc2 Qb7 21. Bb2 Rxb2
22. Rxb2 Qc7 23. Nf3 a5 24. Ra1 a4 25. Rb5 Nfd7 26. Nd2 Rb8 27. Qb2 Ra8 28. Qb1
Ra7 29. Bd1 g6 30. Bc2 Kg7 31. Nf1 Ra6 32. Ng3 Ra7 33. Ne2 h5 34. Nc1 h4 35. h3
Nf6 36. Na2 Nh5 37. Nb4 Qe7 38. Nc6 Qg5 39. Nxa7 Nf4 40. Qf1 Nxh3+ 41. Kh1 Nf4
42. Rxa4 Nce6 43. Bd1 Qh6 44. Bg4 Ng5 45. Nc6 h3 46. g3 Nh5 47. Nxe5 Nf6 48. Be2
Bxe5 49. Rxe5 Ne6 50. Rxe6 fxe6 51. Ra7+ Kf8 52. Qb1 Qd2 53. Qb8+ Ne8 54. Qf4+ 1-0

[Event "Titled Tue 17th Jun Early"]
[Site "chess.com INT"]
[Date "2025.06.17"]
[Round "8"]
[White "Dehtiarov, Roman"]
[Black "Gibala, Adam"]
[Result "1-0"]
[WhiteTitle "FM"]
[BlackTitle "CM"]
[WhiteElo "2416"]
[BlackElo "2245"]
[WhiteFideId "14186640"]
[BlackFideId "21070288"]
[EventDate "2025.06.17"]

1. e4 c6 2. d4 d5 3. Nc3 dxe4 4. Nxe4 Nd7 5. Qe2 Ndf6 6. Nf3 Nxe4 7. Qxe4 Nf6 8.
Qh4 Bf5 9. c3 e6 10. Bg5 Be7 11. Ne5 h6 12. Bc4 O-O 13. Bxf6 Bxf6 14. Qg3 Rc8
15. O-O c5 16. Rad1 cxd4 17. cxd4 Qe7 18. Bb3 Rfd8 19. Rfe1 Bc2 20. Bxc2 Rxc2
21. Qb3 Qc7 22. h3 Bxe5 23. dxe5 Rdd2 24. Rxd2 Rxd2 25. Qb5 g6 26. Qb4 Rd5 27.
Qf4 Kg7 28. h4 h5 29. Qg5 a5 30. Qf4 b5 31. a3 a4 32. g4 hxg4 33. h5 Qc2 34.
Qf6+ Kh6 35. Qh8+ Kg5 36. Qf6+ Kh6 37. Qxf7 Qf5 38. hxg6 Qxf7 39. gxf7 Kg7 40.
Re4 Kxf7 41. Kg2 Ke7 42. Kg3 Kf7 43. Kxg4 Kg6 44. f4 Rd2 45. Rb4 Rd5 46. b3 Rc5
47. bxa4 bxa4 48. Rxa4 Rc1 49. Ra8 Rg1+ 50. Kf3 Rf1+ 51. Ke3 Re1+ 52. Kf2 Ra1
53. Rf8 Rxa3 54. Rf6+ Kg7 55. Rxe6 1-0

[Event "Titled Tue 17th Jun Early"]
[Site "chess.com INT"]
[Date "2025.06.17"]
[Round "8"]
[White "Aarit Kapil"]
[Black "Baturin-Vinogradov, Miroslav"]
[Result "0-1"]
[WhiteTitle "CM"]
[BlackTitle "CM"]
[WhiteElo "2078"]
[BlackElo "2046"]
[WhiteFideId "33408947"]
[BlackFideId "55745741"]
[EventDate "2025.06.17"]

1. Nf3 d5 2. d4 Nf6 3. g3 Bg4 4. Bg2 c6 5. O-O Nbd7 6. c4 e6 7. Nc3 dxc4 8. Re1
Be7 9. Nd2 Nb6 10. f3 Bh5 11. Nf1 O-O 12. e4 c5 13. dxc5 Bxc5+ 14. Be3 Qc7 15.
Qd2 Rad8 16. Qf2 Bxe3 17. Nxe3 Rd3 18. Bf1 Rd7 19. Rad1 Rfd8 20. Rxd7 Rxd7 21.
f4 h6 22. e5 Nfd5 23. Ncxd5 exd5 24. g4 Bg6 25. f5 Bh7 26. e6 Re7 27. Bg2 Qd6
28. exf7+ Kxf7 29. Rd1 d4 30. Nf1 d3 31. Ng3 Qe5 32. b3 c3 33. Rxd3 Qe1+ 34. Nf1
Qe5 35. Qc2 Rc7 36. Re3 Qd4 37. Kf2 Qxg4 38. Bf3 Qxf5 39. Qe2 c2 40. Ng3 Qf6 41.
Nh5 Qf5 42. Ng3 Qc5 43. Bh5+ g6 44. Qf3+ Kg7 45. Kg2 c1=Q 46. Qe2 Q1c2 47. Qxc2
Qxc2+ 48. Kh3 gxh5 49. Re7+ Rxe7 50. Nxh5+ Kf8 51. Nf4 0-1

[Event "Titled Tue 17th Jun Early"]
[Site "chess.com INT"]
[Date "2025.06.17"]
[Round "8"]
[White "Celik, Ali Alper"]
[Black "Herrera Ortiz, Miguel"]
[Result "1/2-1/2"]
[WhiteTitle "FM"]
[BlackTitle "IM"]
[WhiteElo "2213"]
[BlackElo "2174"]
[WhiteFideId "44569955"]
[BlackFideId "5100550"]
[EventDate "2025.06.17"]

1. e4 e6 2. d4 d5 3. Nd2 c5 4. Ngf3 a6 5. exd5 exd5 6. c3 Nf6 7. Bd3 c4 8. Bc2
Be7 9. O-O Bg4 10. h3 Bh5 11. Re1 O-O 12. Nf1 Nc6 13. Ng3 Bg6 14. Ne5 Bxc2 15.
Qxc2 Re8 16. Nf5 Ne4 17. Nxc6 bxc6 18. Bf4 Bf8 19. f3 Nf6 20. Bg5 Re6 21. Rxe6
fxe6 22. Ne3 Bd6 23. Re1 Qd7 24. Bxf6 gxf6 25. Ng4 Rf8 26. Qe2 Kf7 27. Qe3 h5
28. Nf2 Rh8 29. b3 cxb3 30. axb3 Bg3 31. Ra1 Qb7 32. Rb1 a5 33. Nd3 Qe7 34. Ra1
Bc7 35. b4 axb4 36. cxb4 Qd6 37. f4 Qd8 38. Ra7 Qb8 39. Ra2 Bd6 40. Rc2 Qb6 41.
f5 e5 42. Nc5 Qxb4 43. Nd3 Qxd4 44. Qxd4 exd4 45. Rxc6 Rd8 46. Ra6 Kg7 47. Ra7+
Kh6 48. Kf2 Kg5 49. Kf3 Kxf5 50. g4+ hxg4+ 51. hxg4+ Ke6 52. Ra6 Rb8 53. Nf4+
Kd7 54. Nxd5 Rb3+ 55. Ke4 Be5 56. Nxf6+ Bxf6 57. Rxf6 Rg3 58. Rf4 d3 59. Rf2
Rxg4+ 60. Kxd3 1/2-1/2